00338nam a2200133Ia 4500008004100000041000800041082001500049100002000064245003200084250001400116260002900130300003400159365001100193240624s9999 xx 000 0 und d aeng a004.25 KEN aKENDALL KENNETH aSYSTEMS ANALYSIS AND DESIGN a(9th ed.) c2016aNew DelhibPearson axxviii, : 518 : p. : cm. ; 26 cRSb33